| Registos Bibliográficos associados ao registo de autoridade |
|
Etiqueta de registo: 00000nkm 2200025 450 001 2265010 003 http://id.bnportugal.gov.pt/bib/catbnp/2265010 100 ## $a20260211d1982 m y0pory01030103ba 101 0# $apor 102 ## $aPT 200 1# $a1ª. Exposição do campo arqueológico de Mértola, Mértola, 3 a 25 outubro 1982$bVisual gráfico]$fCâmara Municipal de Mértola 210 #9 $aMértola$cCâmara Municipal de Mértola,$d1982$eBeja :$gD.A. ) 215 ## $a1 cartaz$ccolor.$d63,3x44,2cm 317 ## $aColeção Madeira Luís 675 ## $a766(=1:469)"1982"(084.5)$vBN$zpor$31982191 710 02 $aCâmara Municipal de Mértola$3147306 711 02 $aAssociação para a Defesa e Estudo do Património Nacional e Cultural do Concelho de
Mértola,$eMértola$31984798 801 #0 $aPT$bBN$gRPC 966 ## $lBN$mICONOG$sCT. 20264 A.$x3 971 ## $cCaticonografia2$d20260211 995 ## $aPRR2026 $d20260211$iCaticonografia2
Etiqueta de registo: 00000nkm 2200025 450 001 2266402 003 http://id.bnportugal.gov.pt/bib/catbnp/2266402 100 ## $a20260213d1988 m y0pory01030103ba 101 0# $apor 102 ## $aPT 200 1# $aEncontro internacional de municípios com centros históricos, Beja, Casa da Cultura,
28 outubro - 1 novembro 1988$bVisual gráfico]$fPatrimónio XXI 210 #9 $a[S.l.]$cPatrimónio XXI Associação Portuguesa para Protecção e Desenvolvimento da Cultura,$d1988 215 ## $a1 cartaz$ccolor.$d61,3x43,2cm 317 ## $aColeção Madeira Luís 675 ## $a766(=1:469)"1988"(084.5)$vBN$zpor$31811746 710 02 $aPatrimónio XXI Associação Portuguesa para Protecção e Desenvolvimento da Cultura$3201698 711 02 $aCâmara Municipal de Serpa$316010 711 02 $aCâmara Municipal de Mértola$3147306 711 02 $aCâmara Municipal de Beja$33038 801 #0 $aPT$bBN$gRPC 966 ## $lBN$mICONOG$sCT. 20879 A.$x3 971 ## $cCaticonografia1$d20260213 995 ## $aPRR2026 $d20260213$iCaticonografia1
Etiqueta de registo: 00000nkm 2200025 450 001 2267929 003 http://id.bnportugal.gov.pt/bib/catbnp/2267929 100 ## $a20260218f1985 m y0pory01030103ba 101 0# $apor 102 ## $aPT 200 1# $aQuinzena Cultural, Serrão Martins, Câmara Municipal de Mértola, 18 março a 3 abril$bVisual gráfico]$fCâmara Municipal de Mértola, Associação de Municípios do Distrito de Beja 210 #9 $aMértola$cCâmara Municipal de Mértola,$d[posterior a 1985]$eBeja :$gDiário do Alentejo ) 215 ## $a1 cartaz$ccolor.$d42x30cm 306 ## $aDatação atribuída em conformidade com as características formais do documento 317 ## $aColeção Madeira Luís 675 ## $a766(=1:469)"198"(084.5)$vBN$zpor$31974866 710 02 $aCâmara Municipal de Mértola$3147306 712 02 $aAssociação de Municípios do Distrito de Beja$3180193 801 #0 $aPT$bBN$gRPC 966 ## $lBN$mICONOG$sCT. 14307 V.$x3 971 ## $cCaticonografia2$d20260218 995 ## $aPRR2026 $d20260218$iCaticonografia2
|
|
|